000 00334nam a2200133Ia 4500
008 231129s2001||||xx |||||||||||||| ||spa||
020 _a958-30-0857-5
040 _bspa
082 _a611.01816 G335
245 0 _aEl genoma humano
260 _c2001
264 _aPanamericana
942 _2ddc
_cBKS
999 _c11144
_d11144